West Federal Taxation : (Record no. 1096)
[ view plain ]
| 000 -LEADER | |
|---|---|
| fixed length control field | 00778nam a22002057a 4500 |
| 005 - DATE AND TIME OF LATEST TRANSACTION | |
| control field | 20241112180038.0 |
| 008 - FIXED-LENGTH DATA ELEMENTS--GENERAL INFORMATION | |
| fixed length control field | 241112b |||||||| |||| 00| 0 eng d |
| 020 ## - INTERNATIONAL STANDARD BOOK NUMBER | |
| International Standard Book Number | 9780324110531 |
| 020 ## - INTERNATIONAL STANDARD BOOK NUMBER | |
| International Standard Book Number | 0324110537 |
| 050 ## - LIBRARY OF CONGRESS CALL NUMBER | |
| Classification number | KF6450 |
| 245 ## - TITLE STATEMENT | |
| Title | West Federal Taxation : |
| Remainder of title | An Introduction to Business Entities / |
| Statement of responsibility, etc. | edited by: James E. Smith; William A. Raabe; David M. Maloney |
| 250 ## - EDITION STATEMENT | |
| Edition statement | 2002 Ed. |
| 260 ## - PUBLICATION, DISTRIBUTION, ETC. | |
| Place of publication, distribution, etc. | Ohio |
| Name of publisher, distributor, etc. | South-Western College Publishing |
| Date of publication, distribution, etc. | c2002 |
| 300 ## - PHYSICAL DESCRIPTION | |
| Extent | xx, |
| Other physical details | Index |
| Dimensions | 28cm |
| 650 ## - SUBJECT ADDED ENTRY--TOPICAL TERM | |
| Source of heading or term | Taxation |
| 700 ## - ADDED ENTRY--PERSONAL NAME | |
| Personal name | James E. Smith |
| Titles and other words associated with a name | Ph.D., C.P.A. College of William and Mary |
| Relator term | editor |
| 700 ## - ADDED ENTRY--PERSONAL NAME | |
| Personal name | William A. Raabe |
| Titles and other words associated with a name | Ph.D., C.P.A. Capital University |
| Relator term | editor |
| 700 ## - ADDED ENTRY--PERSONAL NAME | |
| Personal name | David M. Maloney |
| Titles and other words associated with a name | Ph.D., C.P.A. University of Virginia |
| Relator term | editor |
| 942 ## - ADDED ENTRY ELEMENTS (KOHA) | |
| Source of classification or shelving scheme | Library of Congress Classification |
| Koha item type | Books |
| Edition | 2002 ed. |
| Suppress in OPAC | No |
| 999 ## - | |
| -- | 1096 |
| -- | 1096 |
| Withdrawn status | Lost status | Source of classification or shelving scheme | Damaged status | Not for loan | Collection | Home library | Current library | Shelving location | Date acquired | Total checkouts | Full call number | Barcode | Date last seen | Copy number | Price effective from | Koha item type |
|---|---|---|---|---|---|---|---|---|---|---|---|---|---|---|---|---|
| Library of Congress Classification | Non-fiction | Law Library (Christ Temple) | Law Library (Christ Temple) | General stacks | 01/22/2025 | KF6450 WES | LLCT00000277 | 01/22/2025 | 2 | 01/22/2025 | Books | |||||
| Library of Congress Classification | Non-fiction | Law Library (Miotso) | Law Library (Miotso) | General stacks | 11/12/2024 | KF6450 WES | LLM00000896 | 11/12/2024 | 1 | 11/12/2024 | Books |